000 00312nam a2200109Ia 4500
008 220623s9999 xx 000 0 und d
020 _a9780737747911
082 _aR 616.85 OBSE
100 _aNO AUTHOR EDITORS ONLY
245 0 _aPERSPECTIVES ON DEASEASES &DISORDERS OBSESSSIVE COMPULSIVE DISORDER
942 _cBK
_w561
_xJohn Tresidder
_y561
_zJohn Tresidder
999 _c677968
_d677967